| 000 | 00454nam a22002177a 4500 | ||
|---|---|---|---|
| 003 | UA-OsUOA | ||
| 001 | 41158 | ||
| 007 | ta | ||
| 008 | 20060918b un ||||| |||| 00| 0 ukr d | ||
| 100 | _aGlowacki W. | ||
| 090 | _a615.15(438) | ||
| 942 | _cBK | ||
| 040 |
_aUA-OsUOA _bpol _cUA-OsUOA _dUA-OsUOA |
||
| 245 | _aWyklady farmacji | ||
| 300 | _a80 с. | ||
| 955 | _a2 | ||
| 041 | _apol | ||
| 080 | _a615.15(438) | ||
| 650 | 7 | _2UDC | |
| 999 |
_c327298 _d327298 |
||